La corona del vagabundo ; Los últimos días de Jauja : (Registro nro. 101527)

Detalles MARC
000 -LEADER
campo de control de longitud fija 00739nam a2200217 i 4500
001 - NÚMERO DE CONTROL
campo de control 101527
003 - IDENTIFICADOR DE NÚMERO DE CONTROL
campo de control ES-MaACL
005 - FECHA Y HORA DE LA ÚLTIMA TRANSACCIÓN
campo de control 20240221063029.0
007 - CAMPO FIJO DE DESCRIPCIÓN FÍSICA--INFORMACIÓN GENERAL
campo de control de longitud fija t|
008 - DATOS DE LONGITUD FIJA--INFORMACIÓN GENERAL
campo de control de longitud fija 051020s1973 sp ||||1| spa d
040 ## - FUENTE DE CATALOGACIÓN
Centro/agencia transcriptor ES-MaACL
100 1# - ENTRADA PRINCIPAL--NOMBRE DE PERSONA
Nombre de persona Medina, Miguel Ángel,
9 (RLIN) 79708
Fechas asociadas al nombre 1953-
Término indicativo de función/relación Autor
245 13 - MENCIÓN DEL TÍTULO
Título La corona del vagabundo ; Los últimos días de Jauja :
Resto del título dos farsas (o cuentos trágicos para ser representados) /
Nombre de parte o sección de la obra Miguel Ángel Medina
260 ## - PUBLICACIÓN, DISTRIBUCIÓN, ETC.
Lugar de publicación, distribución, etc. Barcelona :
Nombre del editor, distribuidor, etc. La Mano en el Cajón,
Fecha de publicación, distribución, etc. 1973
300 ## - DESCRIPCIÓN FÍSICA
Extensión 58 páginas ;
Dimensiones 21 cm.
740 42 - ENTRADA AGREGADA--TÍTULO RELACIONADO/ANALÍTICO NO CONTROLADO
Título relacionado o analítico no controlado Los últimos días de Jauja
852 ## - LOCALIZACIÓN
Ubicación ES-MaACL
Número de control de estantería C-55259
Sublocalización o colección R.88039
Ubicación en estantería Depósito 2
942 ## - ELEMENTOS DE ENTRADA SECUNDARIOS (KOHA)
Tipo de ítem Koha Libro impreso
Suprimir en OPAC No
Existencias
Estatus retirado Estado de pérdida Estado de daño No para préstamo Biblioteca de origen Biblioteca actual Ubicación en estantería Fecha de adquisición Fuente de adquisición Total de préstamos Signatura topográfica completa Código de barras Visto por última vez Precio de reemplazo Tipo de ítem Koha
        Biblioteca del Ateneo de Madrid Biblioteca del Ateneo de Madrid Depósito 2 17/01/2008     C-55259 1105994 23/02/2023 23/02/2023 Libro impreso